|
|
|
|
| LEADER |
00626nam a22001931a 4500 |
| 020 |
|
|
|c 0.00
|
| 040 |
|
|
|a SSUS - Library - Kalady
|
| 082 |
|
|
|a H100 7
|b VIR/A
|
| 100 |
|
|
|a Virendra Kumar Vasu
|
| 245 |
|
|
|a Aadhunik hindi maha kavyon meim kam tatva
|h [Text]
|
| 260 |
|
|
|a Kanpur
|b Saraswathi prakasan
|c 1986
|
| 300 |
|
|
|a 254p.
|
| 600 |
|
|
|a Literature Hindi
|
| 600 |
|
|
|a Literature
|
| 600 |
|
|
|a Poetry Hindi Study
|
| 852 |
|
|
|h H100 7
|i VIR/A
|p 051122
|9 95.00
|t 0
|
| 942 |
|
|
|c BK
|
| 999 |
|
|
|c 192
|d 192
|
| 952 |
|
|
|0 0
|1 0
|4 0
|6 H_100_700000000000000_VIR_A
|7 0
|9 299
|a SSUS
|b SSUS
|d 2015-01-08
|g 95.00
|o H100 7 VIR/A
|p 051122
|r 2015-01-08
|v 0.00
|w 2015-01-08
|y BK
|